Construcción de una vivienda de concreto integral
Guardado en:
| Autor principal: | |
|---|---|
| Formato: | Desconocido |
| Publicado: |
[San José, Costa Rica]
1975
|
| Materias: | |
| Etiquetas: |
Agregar Etiqueta
Sin Etiquetas, Sea el primero en etiquetar este registro!
|
MARC
| LEADER | 00000 a2200000 4500 | ||
|---|---|---|---|
| 003 | 011513 | ||
| 005 | 20221231143822.0 | ||
| 008 | 140114s2019 c a m 000 ||s d | ||
| 040 | |c cru CEDI | ||
| 090 | |a TFG 595 | ||
| 100 | |a Pérez Ortega, Roberto |9 16822 | ||
| 245 | |a Construcción de una vivienda de concreto integral | ||
| 260 | |c 1975 |a [San José, Costa Rica] | ||
| 300 | |a 38 hojas : fotografías color, planos, tablas | ||
| 500 | |a Tesis (Ingeniero Civil) Universidad de Costa Rica | ||
| 650 | |x CONSTRUCCIONES DE HORMIGON ARMADO |x VIVIENDA |9 16823 | ||
| 942 | |c TFG | ||
| 999 | |c 12466 |d 12466 | ||
